<?xml version="1.0" encoding="UTF-8"?>
<record
    xmlns:xsi="http://www.w3.org/2001/XMLSchema-instance"
    xsi:schemaLocation="http://www.loc.gov/MARC21/slim http://www.loc.gov/standards/marcxml/schema/MARC21slim.xsd"
    xmlns="http://www.loc.gov/MARC21/slim">

  <leader>01183nam a2200241Ia 4500</leader>
  <controlfield tag="001">IA_In the manual, some of the general requirements for each chapter as well as the issues that the company accomplished are listed, so are the missing aspects to be accomplished and proposed solutions in order to establish improvement actions to comply the Official Standard Mexican hygiene practices for the process of food, beverages or food supplements.</controlfield>
  <controlfield tag="002">ELABORACION DE UN MANUAL DE BUENAS PRACTICAS DE MA</controlfield>
  <controlfield tag="008">220117s    xx            000 0 und d</controlfield>
  <datafield tag="010" ind1=" " ind2=" ">
    <subfield code="a">187756</subfield>
  </datafield>
  <datafield tag="530" ind1=" " ind2=" ">
    <subfield code="a">Disponibble en PDF</subfield>
  </datafield>
  <datafield tag="583" ind1=" " ind2=" ">
    <subfield code="a">1 ej. Imp ; 1 ej. CD</subfield>
  </datafield>
  <datafield tag="650" ind1=" " ind2=" ">
    <subfield code="a">Buenas pr&#xE1;cticas de fabricaci&#xF3;n  </subfield>
    <subfield code="9">148349</subfield>
  </datafield>
  <datafield tag="650" ind1=" " ind2="0">
    <subfield code="a">Entrepreneurship</subfield>
    <subfield code="z">Mexico</subfield>
    <subfield code="9">152316</subfield>
  </datafield>
  <datafield tag="650" ind1=" " ind2=" ">
    <subfield code="a">Good manufacturing practices  </subfield>
    <subfield code="9">148471</subfield>
  </datafield>
  <datafield tag="650" ind1=" " ind2="0">
    <subfield code="a">Iniciativa empresarial</subfield>
    <subfield code="z">M&#xE9;xico  </subfield>
    <subfield code="9">152317</subfield>
  </datafield>
  <datafield tag="650" ind1=" " ind2=" ">
    <subfield code="a">Pepper  </subfield>
    <subfield code="9">163328</subfield>
  </datafield>
  <datafield tag="650" ind1=" " ind2=" ">
    <subfield code="a">Pimienta  </subfield>
    <subfield code="9">88105</subfield>
  </datafield>
  <datafield tag="700" ind1=" " ind2=" ">
    <subfield code="a">Ascencio Rivera, Rogelio, asesor</subfield>
    <subfield code="9">163690</subfield>
  </datafield>
  <datafield tag="700" ind1=" " ind2=" ">
    <subfield code="a">Bola&#xF1;os Hern&#xE1;ndez, V&#xED;ctor Bola&#xF1;os, asesor </subfield>
    <subfield code="9">163797</subfield>
  </datafield>
  <datafield tag="700" ind1="1" ind2=" ">
    <subfield code="a">Reyna Izaguirre, Diana Am&#xE9;rica</subfield>
    <subfield code="9">147338</subfield>
  </datafield>
  <datafield tag="942" ind1=" " ind2=" ">
    <subfield code="c">TESIS L672 2019</subfield>
  </datafield>
  <datafield tag="999" ind1=" " ind2=" ">
    <subfield code="c">187756</subfield>
    <subfield code="d">187756</subfield>
  </datafield>
</record>
